000 00556nam a22001697a 4500
999 _c68526
_d68523
082 _aR/1EEF-18
100 _aFaraz Ahmed
100 _aRoll No. F-18EE22
100 _aSupervisor - Dr. Mahdi Hussain Mallah
245 _aInvestigation of Physicochemical Parameters of Wastewater Effluents Released from Artistic Fabric Mills Karachi
260 _aNawabshah
_bQUEST
_c2022
300 _a49p
700 _aDepartment of Energy & Environment
700 _aKinza (Roll No. F-18EE30)
700 _aZuhaib Memon (Roll No. F-18EE44)
942 _cTHESIS